Decolonizing Design. A Cultural Justice Guidebook.
I tiakina i:
| Kaituhi matua: | |
|---|---|
| Ētahi atu kaituhi: | |
| Hōputu: | Tē mōhiotia |
| Reo: | Ingarihi |
| I whakaputaina: |
Cambridge, Massachusetts, USA:
The MIT Press,
2023.
|
| Ngā marau: | |
| Ngā Tūtohu: |
Tāpirihia he Tūtohu
Kāore He Tūtohu, Me noho koe te mea tuatahi ki te tūtohu i tēnei pūkete!
|
MARC
| LEADER | 00000 a2200000 4500 | ||
|---|---|---|---|
| 003 | CL-VaPUC | ||
| 005 | 20231130123245.0 | ||
| 008 | 231122t2023 ||||| |||| 00| 0 eng d | ||
| 999 | |c 441956 |d 441954 | ||
| 020 | |a 978-0-262-04769-2 | ||
| 040 | |c Pontificia Universidad Católica de Valparaíso | ||
| 082 | |2 22 |a 745.409 TUN 2023 | ||
| 100 | |a Tunstall, Elizabeth (Dori) |9 884869 |e author | ||
| 245 | |a Decolonizing Design. |b A Cultural Justice Guidebook. | ||
| 260 | |a Cambridge, Massachusetts, USA: |b The MIT Press, |c 2023. | ||
| 300 | |a 136 páginas. | ||
| 583 | |k GC |c 20231122 | ||
| 650 | 0 | |9 886090 |a Diseño descolonizador |x Sesgos racistas y tecnológicos |x Pueblos indígenas y de color | |
| 650 | 0 | |9 260483 |a Diseño |v Estudios de casos |x Aspectos sociales y culturales | |
| 700 | |9 886089 |a Agi, Ene |e illustrations | ||
| 942 | |2 ddc |c BK | ||
| 952 | |0 0 |1 0 |2 ddc |4 0 |6 745_409000000000000_TUN_2023 |7 0 |8 A |9 592581 |a BIBARQ |b BIBARQ |c GEN |d 2023-11-20 |e 3 |g 21349.00 |i 5659584 |l 2 |m 3 |o 745.409 TUN 2023 |p 5659584 |r 2025-03-31 |s 2025-03-13 |t 1 |v 21349.00 |w 2023-11-20 |y BK |k ARQ | ||